Southville International School and Colleges
Your cart is empty.
  • Cart
  • Lists
    Public lists Eva Luna New books Lux_list list_1
    Your lists Log in to create your own lists
  • Log in to your account
  • Your cookies
  • Search history
Southville International School and Colleges
  • Advanced search
  • Recent comments
  • Most popular
  • Libraries

Log in to your account

Log in with GOOGLE


If you do not have an external account, but do have a local account, you can still log in:

  1. Home
  2. MARC view: A travel to the literatures of the world /
Normal view MARC view ISBD view

A travel to the literatures of the world / (Record no. 293386)

[ view plain ]
MARC details
000 -LEADER
fixed length control field 00630nam a2200229Ia 4500
008 - FIXED-LENGTH DATA ELEMENTS--GENERAL INFORMATION
fixed length control field 160418s9999 xx 000 0 und d
020 ## - INTERNATIONAL STANDARD BOOK NUMBER
International Standard Book Number 971086856X
050 ## - LIBRARY OF CONGRESS CALL NUMBER
Classification number FIL PN 59
050 ## - LIBRARY OF CONGRESS CALL NUMBER
Item number .T33 2007 c.1
100 ## - MAIN ENTRY--PERSONAL NAME
Personal name Tabotabo, Claudio V.
245 #2 - TITLE STATEMENT
Title A travel to the literatures of the world /
245 ## - TITLE STATEMENT
Statement of responsibility, etc Claudio V. Tabotabo.
260 ## - PUBLICATION, DISTRIBUTION, ETC. (IMPRINT)
Place of publication, distribution, etc Mandaluyong:
260 ## - PUBLICATION, DISTRIBUTION, ETC. (IMPRINT)
Name of publisher, distributor, etc National Book Store,
260 ## - PUBLICATION, DISTRIBUTION, ETC. (IMPRINT)
Date of publication, distribution, etc 2007
300 ## - PHYSICAL DESCRIPTION
Extent 361 pages :
300 ## - PHYSICAL DESCRIPTION
Other physical details illustrations ;
300 ## - PHYSICAL DESCRIPTION
Dimensions 22 cm.
500 ## - GENERAL NOTE
General note Includes bibliographical references.
650 ## - SUBJECT ADDED ENTRY--TOPICAL TERM
Topical term or geographic name as entry element Literature -- Study and teaching.
650 ## - SUBJECT ADDED ENTRY--TOPICAL TERM
General subdivision Literary form.
Holdings
Withdrawn status Lost status Damaged status Home library Current library Shelving location Date acquired Total Checkouts Full call number Barcode Date last seen Price effective from Koha item type
      South Mansfield College South Mansfield College Filipiniana Section 01/09/2008   FIL PN 59 .T33 2007 c.1 SMC03930 04/18/2016 04/18/2016  

A travel to the literatures of the world /

APA

Tabotabo C. V., .A travel to the literatures of the world. Mandaluyong: .

Chicago

Tabotabo Claudio V, .A travel to the literatures of the world. Mandaluyong: .

Harvard

Tabotabo C. V., .A travel to the literatures of the world. Mandaluyong: .

MLA

Tabotabo Claudio V, .Mandaluyong: . .

  • Place hold
  • Print
  • Cite
  • Add to your cart (remove)
  • Save record
    BIBTEX Dublin Core MARCXML MARC (non-Unicode/MARC-8) MARC (Unicode/UTF-8) MARC (Unicode/UTF-8, Standard) MODS (XML) RIS
  • More searches
    Search for this title in:
    Other Libraries (WorldCat) Other Databases (Google Scholar) Online Stores (Bookfinder.com) Open Library (openlibrary.org)

Exporting to Dublin Core...

SOUTHVILLE LIBRARY

Southville International School and Colleges Library

1281 Tropical Ave. Cor. Luxembourg St., BF Homes International, Las Pinas City

Tel. No. 8256374 / 252358 Loc. 117/146

Powered by Koha